000 00318nam a2200121Ia 4500
008 190216s9999||||xx |||||||||||||| ||und||
100 _a"Charls William Keynan,Jesse Hermon Wood"
245 0 _aGeneral College Chemistry
260 _bOxford University Press
_c1964
300 _a750p
650 _aChemistry
942 _cBK
999 _c1998
_d1998